Communities and crime reduction (Record no. 419025)

000 -LEADER
fixed length control field 00394cam a22001337a 4500
008 - FIXED-LENGTH DATA ELEMENTS--GENERAL INFORMATION
fixed length control field 180718b1988 xxu||||| |||| 00| 0 eng d
020 ## - INTERNATIONAL STANDARD BOOK NUMBER
International Standard Book Number 0 11 340892 7
082 ## - DEWEY DECIMAL CLASSIFICATION NUMBER
Classification number Q86x42 Un3c
245 ## - TITLE STATEMENT
Title Communities and crime reduction
Statement of responsibility, etc. edited by Tim Hope And Margaret Shaw
260 ## - PUBLICATION, DISTRIBUTION, ETC.
Place of publication, distribution, etc. London
Name of publisher, distributor, etc. Her Majesty's Stationery Office
Date of publication, distribution, etc. 1988
300 ## - PHYSICAL DESCRIPTION
Extent 311p.
700 ## - ADDED ENTRY--PERSONAL NAME
Personal name Shaw, Margaret
700 ## - ADDED ENTRY--PERSONAL NAME
Personal name Hope, Tim
Holdings
Withdrawn status Lost status Damaged status Not for loan Permanent Location Current Location Date acquired Full call number Barcode Date last seen Price effective from Koha item type
        Indian Institute of Public Administration Indian Institute of Public Administration 2009-06-30 Q86x42 Un3c 64324 2018-07-21 2018-07-21 Book

Powered by Koha